Traduction Français/Anglais : V.4. Farming - Statistiques

Statistiques générales
  • Ce quiz a été pris 3 fois
  • Le résultat moyen est 17 sur 50
Statistiques - réponses
Hint Réponse % Correct
une lame a blade
100%
une ferme a farm
100%
un agriculteur a farmer
100%
un engrais a fertilizer
100%
une serre a greenhouse
100%
l’agriculture agriculture
100%
des antibiotiques antibiotics
100%
une porcherie a pigsty
100%
un quota a quota
100%
un épouvantail a scarecrow
100%
un surplus a surplus
100%
une tonne a ton
100%
un tracteur a tractor
100%
flambant neuf brand new
100%
fertile fertile
100%
sain healthy / wholesome
100%
des hormones hormones
100%
l’irrigation irrigation
100%
les phosphates phosphates
100%
le rendement the yield
100%
pousser to grow
100%
cueillir to pick
100%
semer to sow
100%
arroser to water
100%
tropical tropical
100%
tardif late
50%
la terre the land
50%
l’arrosage watering
50%
humide wet
50%
une grange a barn
0%
un panier a basket
0%
une moissonneuse-batteuse a combine harvester
0%
une denrée a commodity
0%
une étable a cowshed
0%
une récolte, une culture a crop
0%
une agricultrice a farmer's wife
0%
un ouvrier agricole a farm hand/ a farm worker
0%
une ferme a farmhouse
0%
une cour de ferme a farmyard
0%
une barrière a fence
0%
un champ a field
0%
une fourche a fork
0%
une surabondance a glut
0%
agricole agricultural
0%
une acre an acre
0%
un élément nutritif a nutrient
0%
un paysan a peasant
0%
un pesticide a pesticide
0%
une charrue a plough
0%
une livre a pound
0%
arable arable
0%
un râteau a rake
0%
archaïque archaic
0%
une remise a shed
0%
un manque / une pénurie a shortage
0%
une pelle a shovel
0%
une bêche a spade
0%
une écurie a stable
0%
une remorque a trailer
0%
un désherbant a weed-killer
0%
un puits a well
0%
improductif barren
0%
la culture cultivation
0%
sec dry
0%
hâtif early
0%
extensif(vement) extensive(ly)
0%
des bâtiments agricoles farm buildings
0%
le matériel agricole farming implements
0%
les produits agricoles farm produce
0%
les denrées alimentaires foodstuffs
0%
génétique(ment) genetic(ally)
0%
l’agriculture industrielle / intensive industrial farming
0%
industriel(lement) industrial(ly)
0%
intensif(-vement) intensive(ly)
0%
juteux juicy
0%
les terres land
0%
le fumier manure
0%
mûr, à maturité mature
0%
moderne modern
0%
naturel(lement) natural(ly)
0%
les nitrates nitrates
0%
biologique(ment) organic(ally)
0%
les dépendances outhouses
0%
la surproduction overproduction
0%
abondant plentiful
0%
mûr ripe
0%
rural rural
0%
autarcique self-sufficient
0%
l’agro-alimentaire the agribusiness
0%
la campagne the countryside
0%
la moisson the harvest
0%
contaminer to contaminate
0%
jeter / vendre à bas prix to dump
0%
cultiver to farm
0%
nourrir / se nourrir to feed
0%
clôturer to fence (in)
0%
fertiliser to fertilize
0%
récolter to harvest
0%
irriguer to irrigate
0%
tondre to mow
0%
labourer to plough
0%
verser to pour
0%
réglementer to regulate
0%
mettre en jachère to set aside
0%
renverser to spill
0%
pulvériser to spray
0%
épandre to spread
0%
asperger to sprinkle
0%
stocker to stockpile
0%
subventionner to subsidize
0%
labourer, cultiver to till
0%
rendre, produire to yield
0%
transgénique transgenic
0%
vert unripe
0%
végétal vegetable
0%
Aucun quiz correspondant
Distribution des résultats
% des personnes avec chaque résultat
Percentile par nombre de réponses
Votre historique - résultats
Vous n’avez pas pris ce quiz